| 000 | 01716nam a2200253 a 4500 | ||
|---|---|---|---|
| 008 | 120416s1982 ||||||||||||||||| || u | ||
| 050 | _aQE 511 Con | ||
| 100 | _aCondie, Kent C | ||
| 245 | 1 | 0 | _aPlate tectonics and crustal evolution |
| 250 | _a2nd ed. | ||
| 260 |
_aNew York _bPergamon Press _c1982 |
||
| 300 | _aix, 310p. : ill | ||
| 350 | _a0.00 | ||
| 650 | _aGEOGRAPHY | ||
| 650 | _aPLATE TECHTONICS | ||
| 995 |
_aANNEX COLLECTION (Main Library) _D0.00 _e714217 _FCBU-MAIN LIBRARY (Kitwe) _H1 _I332.50 _jQE 511 Con _M2 _UAVAILABLE _y014397 _ZAnnex Low-Usage Collection |
||
| 995 |
_aTEXTBOOKS (MIN.ENG.) _D0.00 _e3592 _FCBU-SCHOOL TEXTBOOK COLLECTIONS _H1 _I0.00 _jSCHOOL TEXTBOOK _M4 _UAVAILABLE _WAug 17, 2009 _y3592 _ZSchool Collections |
||
| 995 |
_aBINDERY (DAMAGED) _D0.00 _e714218 _FCBU-MAIN LIBRARY (Kitwe) _H2 _I332.50 _jQE 511 Con _M1 _UDAMAGED _y014396 _ZMain Library Open Access Collection |
||
| 995 |
_aTEXTBOOKS (MIN.ENG.) _D0.00 _e3594 _FCBU-SCHOOL TEXTBOOK COLLECTIONS _H1 _I0.00 _jSCHOOL TEXTBOOK _M6 _UAVAILABLE _WAug 17, 2009 _y3594 _ZSchool Collections |
||
| 995 |
_aTEXTBOOKS (MIN.ENG.) _D0.00 _e3596 _FCBU-SCHOOL TEXTBOOK COLLECTIONS _H1 _I0.00 _jSCHOOL TEXTBOOK _M8 _UAVAILABLE _WAug 17, 2009 _y3596 _ZSchool Collections |
||
| 995 |
_aTEXTBOOKS (MIN.ENG.) _D0.00 _e03365 _FCBU-SCHOOL TEXTBOOK COLLECTIONS _H1 _I0.00 _jSCHOOL TEXTBOOK _M3 _UAVAILABLE _WJul 15, 2009 _y03365 _ZMain Library Open Access Collection |
||
| 995 |
_aTEXTBOOKS (MIN.ENG.) _D0.00 _e3593 _FCBU-SCHOOL TEXTBOOK COLLECTIONS _H1 _I0.00 _jSCHOOL TEXTBOOK _M5 _UAVAILABLE _WAug 17, 2009 _y3593 _ZSchool Collections |
||
| 995 |
_aTEXTBOOKS (MIN.ENG.) _D0.00 _e3595 _FCBU-SCHOOL TEXTBOOK COLLECTIONS _H1 _I0.00 _jSCHOOL TEXTBOOK _M7 _UAVAILABLE _WAug 17, 2009 _y3595 _ZSchool Collections |
||
| 999 |
_c81988 _d81988 |
||